01149nam a22003135a 4500999001300000003000900013005001700022008004100039020001500080020001800095040004300113082001900156100005400175245008800229264003300317300002400350336002600374337002800400338002700428490001800455590001900473650003300492650003900525651001000564653002500574655002400599942002100623952019100644 c254d254EG-ScBUE20210418092517.0150827s2002 le f 000 f eng d a9953104557 a9789953104553 aEG-ScBUEbengerdacEG-ScBUEdEG-ScBUE04a823.7bAUS2221 aAusten, Jane,‏ d1775-1817,eauthor.10aEmma :bwith an introduction, a Jane Austen's novels and a glossary /cJane Austen. 1aBeirut :bYork Press,c2002. a413 pages ;c18 cm. 2rdacontentatextbtxt 2rdamediaaunmediatedbn 2rdacarrieravolumebnc0 aYork classics amustafa galal. 7aYoung womenvFiction.2BUEsh 7aFemale friendshipvFiction.2BUEsh 2BUEsh cAugust2015bHHUUEENN vReading book934232 cBBk823A9332ddc 00102ddc40708BaccahaMAINbMAINcGroup Study Roomsd2006-02-19ePurchasel10m48o823.7 AUSp000004432r2025-07-15 00:00:00s2024-09-22v27.00w2006-02-19yBBzRoom (S) - Jane Austen